Harry Potter: Sectumsempra - Statistiques

Statistiques générales
  • Ce quiz a été pris 59 fois
  • Le résultat moyen est 6 sur 9
Statistiques - réponses
Information Réponses % Correct
Personne l'ayant subit Drago Malefoy
98%
Créateur Severus Rogue
98%
Dernière apparition Harry Potter et les Reliques de la Mort
96%
Première apparition Harry Potter et le Prince de Sang-Mêlé
91%
Formule Sectumsempra
89%
Type de sort Maléfice
38%
Personne l'ayant subit James Potter
30%
Effet Lacération de la personne visée
30%
Personne l'ayant subit George Weasley
28%
Aucun quiz correspondant
Distribution des résultats
% des personnes avec chaque résultat
Percentile par nombre de réponses
Votre historique - résultats
Vous n’avez pas pris ce quiz